The complete Christmas book. (Record no. 501)

MARC details
000 -LEADER
fixed length control field 00665cam a22002411 4500
001 - CONTROL NUMBER
control field 7475516
003 - CONTROL NUMBER IDENTIFIER
control field GBCCL
005 - DATE AND TIME OF LATEST TRANSACTION
control field 20241126110339.0
008 - FIXED-LENGTH DATA ELEMENTS--GENERAL INFORMATION
fixed length control field 750822s1958 nyua 001 0 eng
010 ## -
-- 58008399
035 ## - SYSTEM CONTROL NUMBER
System control number (OCoLC)1563744
040 ## - CATALOGING SOURCE
Original cataloging agency DLC
Transcribing agency F
Modifying agency OCoLC
-- DLC
042 ## -
-- premarc
050 00 -
-- GT4985
-- .W413
082 ## - DEWEY DECIMAL CLASSIFICATION NUMBER
Classification number 394.2663
Edition information 23
Item number COM
100 1# - MAIN ENTRY--PERSONAL NAME
Personal name Watts, Franklin,
Relator term ed.
245 14 - TITLE STATEMENT
Title The complete Christmas book.
Statement of responsibility, etc. Illustrated by William Ronin.
260 ## - PUBLICATION, DISTRIBUTION, ETC.
Place of publication, distribution, etc. New York,
Name of publisher, distributor, etc. F. Watts, inc.
Date of publication, distribution, etc. [1958]
300 ## - PHYSICAL DESCRIPTION
Extent 339 p.
Other physical details illus.
Dimensions 26 cm.
650 #0 - SUBJECT ADDED ENTRY--TOPICAL TERM
Topical term or geographic name entry element Christmas.
906 ## - LOCAL DATA ELEMENT F, LDF (RLIN)
a 7
b cbc
c oclcrpl
d u
e ncip
f 19
g y-gencatlg
942 ## - ADDED ENTRY ELEMENTS (KOHA)
Source of classification or shelving scheme Dewey Decimal Classification
Koha item type Books
Holdings
Withdrawn status Lost status Source of classification or shelving scheme Damaged status Not for loan Home library Current Library Shelving location Date acquired Total checkouts Full call number Barcode Date last seen Copy number Price effective from Koha item type
    Dewey Decimal Classification     GRACE BIBLE COLLEGE GRACE BIBLE COLLEGE General Studies 2016-11-04   394.2663 COM 004909 2025-05-01 c.1 2016-11-04 Books
© Grace Bible College Library 2025